00333nam a2200109Ia 4500008004100000082001500041100001800056245003100074942000600105952009700111999001500208240331s9999 xx 000 0 und d a303.4bPRO aGusfield, J.R 0aProtest, reform and revolt cL 001040708LaWERCLbWERCLcSSCd2024-03-31l0o 303.4 PROp2482r2024-03-31w2024-03-31yL c1222d1222